| 000 | 01440nam a2200373 i 4500 | ||
|---|---|---|---|
| 001 | ELB271960 | ||
| 003 | FINmELB | ||
| 005 | 20250326043905.0 | ||
| 006 | m o u | ||
| 007 | cr cn||||||||| | ||
| 008 | 240922s2005 ag ob 000 0 spa d | ||
| 020 | _z9789879066713 | ||
| 020 |
_a9786073027762 _q(e-book) |
||
| 035 | _a(OCoLC)1456877877 | ||
| 040 |
_aFINmELB _bspa _erda _cFINmELB |
||
| 050 | 1 | 4 |
_aBP595 _bS782 2005 |
| 080 | _a299.72 | ||
| 082 | 0 | 4 |
_a299.935 _223 |
| 100 | 1 |
_aStaèel Von Holstein, Verena, _eautor. |
|
| 245 | 1 | 0 |
_aConversaciones con los espíritus de la naturaleza : _bentrevistas directas / _crecopilador Wolfgang Weirauch ; traducción Lía Turner. |
| 264 | 1 |
_aBuenos Aires : _bEditorial Antroposófica, _c2005. |
|
| 300 | _a1 recurso en línea (247 páginas) | ||
| 336 |
_atexto _btxt _2rdamedia/spa |
||
| 337 |
_acomputadora _bc _2rdamedia/spa |
||
| 338 |
_arecurso en línea _bcr _2rdacarrier/spa |
||
| 504 | _aContiene bibliografía. | ||
| 588 | _aDescripción basada en metadatos suministrados por el editor y otras fuentes. | ||
| 590 | _aRecurso electrónico. Santa Fe, Arg.: elibro, 2024. Disponible vía World Wide Web. El acceso puede estar limitado para las bibliotecas afiliadas a elibro. | ||
| 650 | 4 | _aAntroposofía. | |
| 655 | 4 | _aLibros electrónicos. | |
| 700 | 1 |
_aTurner, Lía, _etraductor. |
|
| 797 | 2 | _aelibro, Corp. | |
| 856 | 4 | 0 | _uhttps://elibro.net/ereader/usam/271960 |
| 999 |
_c154678 _d154678 |
||